A comparison of American and Vietnamese table manners in formal occasions

Kaydedildi:
Detaylı Bibliyografya
Yazar: Nguyễn Thị Kim Anh
Materyal Türü: Bilinmiyor
Dil:English
Baskı/Yayın Bilgisi: 2005
Konular:
Etiketler: Etiketle
Etiket eklenmemiş, İlk siz ekleyin!
Thư viện lưu trữ: Mạng thư viện Đại học Đà Nẵng
LEADER 01076na a2200301 4500
001 000031210
003 5808
005 20151012000000.0
008 151001s2005 000 eng
082 |a 420.3  |b NG-A 
100 |a Nguyễn Thị Kim Anh 
245 |a A comparison of American and Vietnamese table manners in formal occasions  |c Nguyễn Thị Kim Anh 
260 |c 2005 
300 |a 59tr. : mh ; 30cm 
650 |a Nguyễn Thị Kim Anh, 2005, 59tr, Social 
852 |b Chuyên đề  |c Luận văn sinh viên 1 
OWN |a LNN 
AVA |a UDN50  |b LNN  |c English  |d 420.3 NG-A  |e available  |t Error 5001 Not defined in file expand_doc_bib_avail.  |f 1  |g 0  |h N  |i 0  |j AN  |k 1 
999 |a From the UDN01 
AVA |a UDN50  |b LNN  |c English  |d 420.3 NG-A  |e available  |t Error 5001 Not defined in file expand_doc_bib_avail.  |f 1  |g 0  |h N  |i 0  |j AN  |k 1 
TYP |a Printed language 
980 |a Mạng thư viện Đại học Đà Nẵng